| 000 | 00900nam a2200253 i 4500 | ||
|---|---|---|---|
| 001 | 175435 | ||
| 003 | ES-MaACL | ||
| 005 | 20251218174610.0 | ||
| 007 | t| | ||
| 008 | 101027s1977 sp o r ||||1| spa d | ||
| 020 | _a84-369-0191-6 | ||
| 080 | _a75 López Boado, Carlos | ||
| 080 | _a929 López Boado, Carlos | ||
| 100 | 1 |
_aFaraldo, Ramón. _948826 |
|
| 245 | 1 | 0 |
_aBoado / _cRamón Faraldo. |
| 260 |
_a[Madrid] : _bDirección General del Patrimonio Artístico y Cultural, _cD. L. 1977. |
||
| 300 |
_a53 p. : _bfot. col. y n. ; _c17 cm. |
||
| 490 | 1 |
_aArtistas españoles contemporáneos. Pintores ; _v138 |
|
| 600 | 1 | 4 |
_aLópez Boado, Carlos. _9143751 |
| 710 | 0 |
_aEspaña. _bDirección General del Patrimonio Artístico y Cultural. _93790 |
|
| 830 | 0 |
_aArtistas españoles contemporáneos. Pintores _v138 _9189664 |
|
| 852 |
_aES-MaACL _j2261-F-91 _xOlim P-1916 |
||
| 999 |
_c175435 _d175435 |
||